000
00294nam a22001337a 4500
008
170913b xxu||||| |||| 00| 0 eng d
020
_a
0226288641
041
_a
eng
080
_a
53
100
_a
43
101
_a
FIZ
245
_a
GENERAL RELATIVITY FROM A TO B
_c
GEROCH,R
942
_2
udc
_c
BK
999
_c
27429
_d
27429